000 00264nam a2200121Ia 4500
008 191201s2019 xx 000 0 und d
100 _aHILL,Richard M
245 0 _aIndustrial Marketing
260 _bAITBS Pub
300 _a703
650 _aMBA
942 _2ddc
_cBK
999 _c7009
_d7009